Jalen Rose Teams Quiz Stats

 Plays Quiz not verified by Sporcle

Score 0/6 Timer 04:00
0 Plays Today
Team % Correct
Indiana Pacers
97.1%
Toronto Raptors
94.1%
Chicago Bulls
91.2%
New York Knicks
79.4%
Phoenix Suns
79.4%
Denver Nuggets
76.5%

You're not logged in!

Compare scores with friends on all Sporcle quizzes.
OR
Log In

Sporcle TV

Today on Sporcle TV


Watch our educational content, quiz creation guides, and fun videos on Sporcle TV.

Show Comments

Extras

Top Quizzes Today


Score Distribution

Your Account Isn't Verified!

In order to create a playlist on Sporcle, you need to verify the email address you used during registration. Go to your Sporcle Settings to finish the process.

Report this User

Report this user for behavior that violates our Community Guidelines.

Details: